000 00540cam a22001933a 4500
001 45892
003 PGUSA
005 20140828084053.0
008 140605s2014||||xxu|||||s|||||000 | eng d
040 _aPGUSA
_beng
042 _adc
245 1 0 _aL'Illustration, No. 2512, 18 Avril 1891
_h[electronic resource] /
_cVarious
260 _bProject Gutenberg,
_c2014
506 _aPublic domain in the USA.
516 _aElectronic text
830 0 _aProject Gutenberg
_v45892
856 4 0 _uhttp://www.gutenberg.org/ebooks/45892
942 _cEB
999 _c275142
_d275142